Hormigón armado: basado en la EHE ajustada al código y modelo y al eurocódigo / Pedro Jiménez Montoya, Álvaro Garía Meseguery y Francisco Morán Cabré (Registro nro. 10068)

Detalles MARC
000 -LEADER
fixed length control field 00716nam a22002171a 4500
001 - CONTROL NUMBER
control field 10068
003 - CONTROL NUMBER IDENTIFIER
control field OSt
005 - DATE AND TIME OF LATEST TRANSACTION
control field 20260204212144.0
008 - FIXED-LENGTH DATA ELEMENTS--GENERAL INFORMATION
fixed length control field 070815s2000||||sp ||||||b||||||||||spa||
020 ## - NUMERO DE LIBRO INTERNACIONAL NORMALIZADO
International Standard Book Number 842521825x
050 ## - LIBRARY OF CONGRESS CALL NUMBER
Classification number 624.18431 J564h
100 ## - ASIENTO PRINCIPAL -- NOMBRE PERSONAL
Personal name Jiménez Montolla, Pedro
245 ## - TÍTULO PROPIAMENTE DICHO: SUBTÍTULO
Title Hormigón armado: basado en la EHE ajustada al código y modelo y al eurocódigo / Pedro Jiménez Montoya, Álvaro Garía Meseguery y Francisco Morán Cabré
250 ## - MENCIÓN DE EDICIÓN
Edition statement 14
264 ## - PRODUCTION, PUBLICATION, DISTRIBUTION, MANUFACTURE, AND COPYRIGHT NOTICE
Place of production, publication, distribution, manufacture España : Gustavo Gili
300 ## - PHYSICAL DESCRIPTION
Extensión 844p
500 ## - GENERAL NOTE
General note INcluye Bibliografía
650 ## - ASIENTO SECUNDARIO DE MATERIA -- TERMINO TEMÁTICO
Termino Temático Como Elemento de Entrada Hormigón Armado 2. Estructura- Hormigón
700 ## - ASIENTO SECUNDARIO -- NOMBRE PERSONAL
Personal name García Meseguer, Alvaro II. Morán Cabré, FranciscoÌ
942 ## - ADDED ENTRY ELEMENTS (KOHA)
Source of classification or shelving scheme Dewey Decimal Classification
Koha item type Libros
Existencias
Withdrawn status Lost status Source of classification or shelving scheme Damaged status Not for loan Current library Date acquired Total Checkouts Full call number Barcode Date last seen Price effective from Koha item type
    Dewey Decimal Classification     Biblioteca UTECO 09/09/2019   624.18431 J564H 012975 09/09/2019 09/09/2019 Libros
    Dewey Decimal Classification     Biblioteca UTECO 09/09/2019   624.18431 J564H 012976 09/09/2019 09/09/2019 Libros
© 2021 Derechos Reservados UTECO - Teléfono: +1 809-585-2291 - Correo electrónico: biblioteca@uteco.edu.do​  
Código postal 43000 ​​
Dirección: Avenida Universitaria No. 100, 
Cotuí, Provincia Sánchez Ramírez, República Dominicana - RNC: 404-00059-6